La independencia dominicana / (Record no. 11410)

MARC details
000 -LEADER
campo de control de longitud fija 00843nam a2200265 i 4500
001 - NÚMERO DE CONTROL
campo de control 11410
003 - IDENTIFICADOR DE NÚMERO DE CONTROL
campo de control ES-MaACL
005 - FECHA Y HORA DE LA ÚLTIMA TRANSACCIÓN
campo de control 20230906150108.0
007 - CAMPO FIJO DE DESCRIPCIÓN FÍSICA--INFORMACIÓN GENERAL
campo de control de longitud fija t|
008 - DATOS DE LONGITUD FIJA--INFORMACIÓN GENERAL
campo de control de longitud fija 921019s1992 sp a |||| | spa j
020 ## - NÚMERO INTERNACIONAL ESTÁNDAR DEL LIBRO
Número Internacional Estándar del Libro 84-7100-443-7 (rúst.)
080 ## - NÚMERO DE LA CLASIFICACIÓN DECIMAL UNIVERSAL
Número de la Clasificación Decimal Universal 972.93"18"
100 1# - ENTRADA PRINCIPAL--NOMBRE DE PERSONA
Nombre de persona Balcácer, Juan Daniel.
9 (RLIN) 24857
245 13 - MENCIÓN DEL TÍTULO
Título La independencia dominicana /
Mención de responsabilidad, etc. Juan D. Balcácer, Manuel A. García.
260 ## - PUBLICACIÓN, DISTRIBUCIÓN, ETC.
Lugar de publicación, distribución, etc. Madrid :
Nombre del editor, distribuidor, etc. MAPFRE,
Fecha de publicación, distribución, etc. [1992]
300 ## - DESCRIPCIÓN FÍSICA
Extensión 243 p. :
Otras características físicas il. ;
Dimensiones 23 cm.
490 1# - MENCIÓN DE SERIE
Mención de serie Independencia de Iberoamérica ;
Designación de volumen o secuencia 7
500 ## - NOTA GENERAL
Nota general Índices.
504 ## - NOTA DE BIBLIOGRAFÍA, ETC.
Nota de bibliografía, etc. Bibliografía: p. [231]-235.
651 #4 - PUNTO DE ACCESO ADICIONAL DE MATERIA--NOMBRE GEOGRÁFICO
Nombre geográfico República Dominicana-
Subdivisión general Historia-
Subdivisión cronológica 1822-1844.
9 (RLIN) 168947
700 1# - ENTRADA AGREGADA--NOMBRE PERSONAL
Nombre de persona García Arévalo, Manuel.
9 (RLIN) 54183
830 0# - PUNTO DE ACCESO ADICIONAL DE SERIE-TÍTULO UNIFORME
Título uniforme Independencia de Iberoamérica ;
Designación de volumen o secuencia 7
9 (RLIN) 179056
852 ## - LOCALIZACIÓN
Ubicación ES-MaACL
Número de control de estantería L-18735
Holdings
Estatus retirado Estado de pérdida Estado de daño No para préstamo Biblioteca de origen Biblioteca actual Ubicación en estantería Fecha de adquisición Fuente de adquisición Total de préstamos Signatura topográfica completa Código de barras Visto por última vez Precio de reemplazo Tipo de ítem Koha
        Biblioteca del Ateneo de Madrid Biblioteca del Ateneo de Madrid Depósito 2 17/01/2008     L-18735 1011633 23/02/2023 23/02/2023 Libro impreso